| 000 | 00352nam a22001577a 4500 | ||
|---|---|---|---|
| 003 | SGT | ||
| 020 | _a9789390619467 | ||
| 082 |
_a618.1 _bO23H |
||
| 100 | _aHANS, SAKSHI ARORA | ||
| 245 | _aONE TOUCH OBSTETRICS & GYNECOLOGY | ||
| 250 | _a1ST | ||
| 260 |
_aINDIA _bCBS PUB _c2023 |
||
| 300 | _a244 | ||
| 650 | _aOBST. & GYNECOLOGY | ||
| 942 |
_2ddc _cBK |
||
| 999 |
_c26847 _d26847 |
||